Apuntes de pedagogía: adaptados al programa de 1er año normal

Αποθηκεύτηκε σε:
Λεπτομέρειες βιβλιογραφικής εγγραφής
Κύριος συγγραφέας: Senet, Rodolfo (Συγγραφέας)
Μορφή: Βιβλίο
Γλώσσα:Ισπανικά
Έκδοση: Buenos Aires Cabaut 1912
Έκδοση:4a. ed
Θέματα:
Ετικέτες: Προσθήκη ετικέτας
Δεν υπάρχουν, Καταχωρήστε ετικέτα πρώτοι!

MARC

LEADER 00000nam a2200000 a 4500
001 UCZ8610
003 CL-VaPUC
008 960121e19120000AG |||||||||||||||||spa|d
082 0 4 |a 370.1  |b SEN  |2 21 
100 0 |a Senet, Rodolfo  |e author  |9 353954 
245 1 0 |a Apuntes de pedagogía: adaptados al programa de 1er año normal 
250 |a 4a. ed 
300 |a 225 p 
942 |c BK 
945 |d 19960121 00:00:00  |a lriquelm 
260 |a Buenos Aires  |b Cabaut  |c 1912 
650 0 |a Educación  |9 258661 
650 0 |a Teoría de la educación   |9 309368 
650 0 |a Filosofía de la educación   |9 258384 
650 0 |a Psicología educacional   |9 307830 
650 0 |a Métodos de enseñanza  |9 270413 
650 0 |a Edificios escolares   |9 339744 
650 0 |a Investigación educacional   |9 261192 
651 0 |a Argentina  |9 254888 
583 |a last modification  |c 19960121 00:00:00  |k Rodrigo Vera 
999 |c 244469  |d 244467 
952 |0 0  |1 0  |4 0  |6 370_100000000000000_SEN_1912  |7 0  |8 P  |9 258538  |a BIBEDU  |b BIBEDU  |c BIBEDU_PB  |d 2019-11-19  |i 1618172  |o 370.1 SEN 1912  |p 1618172  |r 2024-01-25  |w 2019-11-19  |y BK  |k EDU